Statistics for Richest Female Athletes

Click here to take the quiz!

General Stats

  • This quiz has been taken 43 times
  • The average score is 6 of 15

Answer Stats

Wealth $$AthleteSport% Correct
$120 millionSerena WilliamsTennis
100%
$75 millionVenus WilliamsTennis
97%
$90 millionMaria SharapovaTennis
95%
$18 millionDanica PatrickNASCAR
43%
$40 millionLi NaTennis
41%
$12 millionAna IvanovicTennis
32%
$15 millionVictoria AzarenkaTennis
32%
$20 millionCaroline WozniackiTennis
30%
$40 millionAnnika SörenstamGolf
19%
$15 millionJelena JankovićTennis
19%
$21 millionKim YunaFigure skating
16%
$50 millionAnna KournikovaTennis
14%
$20 millionLindsay DavenportTennis
5%
$15 millionLorena OchoaGolf
5%
$15 millionKarrie WebbGolf
3%

Score Distribution

Percentile by Number Answered

Percent of People with Each Score

Your Score History

You have not taken this quiz